000 00578nam a2200217Ia 4500
003 OSt
005 20220928145716.0
006 a|||||r|||| 00| 0
007 ta
008 220927b |||||||| |||| 00| 0 eng d
024 _a82310
037 _cTextual
040 _aSDCL
_cSDCL
_beng
041 _2eng
_aeng
082 _aXM8:8g, N2
100 _aDreifus Shirley B Ed.
_9514310
245 0 _aBusiness international's global management desk reference.
260 _c1992
942 _hXM8:8g, N2
_cTEXL
_2CC
999 _c835032
_d835032